Contribution - Sedimentology Research Laboratory, Florida.

Bibliographic Details
Corporate Author: Florida State University. Sedimentology Research Laboratory
Format: Serial
Language:English
Published: Tallahassee : Department of Geology, Florida State University.
Subjects:

MARC

Tag First Indicator Second Indicator Subfields
LEADER 00000cas a2200000 4500
001 in00000084015
005 20151008054358.0
008 790223c19619999fluuu b 0uuua0eng d
035 |a (OCoLC)04684994 
035 |9 AAJ0484AM 
040 |a MNU  |c MNU  |d TXA  |d UtOrBLW 
049 |a TXAI 
099 |a fiche  |a S  |a 141 
110 2 |a Florida State University.  |b Sedimentology Research Laboratory. 
245 1 0 |a Contribution - Sedimentology Research Laboratory, Florida. 
246 1 0 |a Contribution (Florida State University Sedimentology Research Laboratory) 
264 1 |a Tallahassee :  |b Department of Geology, Florida State University. 
300 |a  volumes 
336 |a text  |b txt  |2 rdacontent 
337 |a microform  |b h  |2 rdamedia 
338 |a microfiche  |b he  |2 rdacarrier 
362 0 |a no. 1- 1961- 
515 |a No. 3 never published. 
533 |a Microfiche.  |b Tallahassee, Fla., Florida State University,  |c Robert Manning Strozier Library, Serials Department.  |e  cds. 10.5 x 14.5 cm. 
500 |a Microform. 
650 0 |a Sediments (Geology) 
650 0 |a Marine sediments. 
650 0 |a Sedimentation and deposition. 
999 |a MARS 
999 f f |s 0ab5bc82-738b-3a7a-9801-8b7d7ff6d4e1  |i 28491433-44bf-3a6f-8683-3ba6ca2572f7  |t 0 
952 f f |p default  |a Texas A&M University  |b College Station  |c Sterling C. Evans Library  |d Evans: Microforms (3rd floor)  |t 0  |e fiche S 141  |h Other scheme  |i microform -- microfiche 
998 f f |a fiche S 141  |s no.40-no.53  |t 0  |l Evans: Microforms (3rd floor)